FIFA World Cup Host Countries by Year - Statistics

General Stats
  • This quiz has been taken 14 times
  • The average score is 17 of 26
Answer Stats
Hint Answer % Correct
2026 Canada
100%
2026 Mexico
100%
2022 Qatar
100%
2026 United States
100%
2018 Russia
88%
2014 Brazil
75%
1998 France
75%
2006 Germany
75%
1990 Italy
75%
2002 Japan
75%
2010 South Africa
75%
2002 South Korea
75%
1994 United States
75%
1930 Uruguay
75%
1978 Argentina
63%
1950 Brazil
63%
1966 England
63%
1986 Mexico
63%
1982 Spain
63%
1934 Italy
50%
1970 Mexico
50%
1962 Chile
38%
1938 France
38%
1974 West Germany
38%
1958 Sweden
25%
1954 Switzerland
13%
No matching quizzes found
Score Distribution
Percent of People with Each Score
Percentile by Number Answered
Your Score History
You have not taken this quiz